Industrial Engineering Management Including Production Management (Record no. 17292)

MARC details
000 -LEADER
fixed length control field 00444nam a2200157Ia 4500
008 - FIXED-LENGTH DATA ELEMENTS--GENERAL INFORMATION
fixed length control field 221030s9999 xx 000 0 und d
020 ## - INTERNATIONAL STANDARD BOOK NUMBER
ISBN 8174092243
041 ## - LANGUAGE CODE
Language code of text/sound track or separate title
100 ## - MAIN ENTRY--AUTHOR NAME
Personal name T. R. Banga
245 #0 - TITLE STATEMENT
Title Industrial Engineering Management Including Production Management
Statement of responsibility, etc by T. R. Banga, S. C. Sharma
260 ## - PUBLICATION, DISTRIBUTION, ETC. (IMPRINT)
Name of publisher Khanna Pub.
Place of publication New Delhi
Year of publication 2014
300 ## - PHYSICAL DESCRIPTION
Number of Pages 1152
650 ## - SUBJECT ADDED ENTRY--TOPICAL TERM
Topical Term BE Management
700 ## - ADDED ENTRY--PERSONAL NAME
Personal name S. C. Sharma
942 ## - ADDED ENTRY ELEMENTS (KOHA)
Koha item type Books
Holdings
Accession Number Cost, normal purchase price Bill Date Source of acquisition Price effective from Koha item type Withdrawn / writtenoff status Materials specified (bound volume or other part) Damaged status Not for loan Permanent Location Current Location Shelving location Date acquired Lost/ Missing status department
BE 15143 349.00 11741 RKB 10/30/2022 Books   Print   Not For Loan MIET Library, Jammu MIET Library, Jammu BL-Academic Block B, FL-2, CUP-157, SH-2, R-2 02/02/2017   BE
BE 15144 349.00 11741 RKB 10/30/2022 Books   Print     MIET Library, Jammu MIET Library, Jammu BL-Academic Block B, FL-2, CUP-69, SH-5, R-5 02/02/2017   BE
BE 15145 349.00 11741 RKB 10/30/2022 Books   Print     MIET Library, Jammu MIET Library, Jammu BL-Academic Block B, FL-2, CUP-69, SH-5, R-5 02/02/2017   BE
BE 15259 349.00 11760 RKB 10/30/2022 Books   Print     MIET Library, Jammu MIET Library, Jammu BL-Academic Block B, FL-2, CUP-69, SH-5, R-5 02/04/2017   BE
BE 15260 349.00 11760 RKB 10/30/2022 Books   Print     MIET Library, Jammu MIET Library, Jammu BL-Academic Block B, FL-2, CUP-69, SH-5, R-5 02/04/2017   BE
BE 15261 349.00 11760 RKB 10/30/2022 Books   Print     MIET Library, Jammu MIET Library, Jammu BL-Academic Block B, FL-2, CUP-69, SH-5, R-5 02/04/2017   BE